000 00395nam a2200145Ia 4500
008 210210b1973 xxu||||| |||| 00| 0 eng d
020 _a0 210 22391 X
082 _a954 SRES
100 _aSREENIVASA MURTHY (H V) and KAMATH (S U).
245 _aStudies in Indian culture.
260 _aBombay.
_bAsia Publishing House.,
_c1973
300 _avi,185
690 _aIndian History
906 _a031397
999 _c82517
_d82517